Los Temores de Huntington /
Gespeichert in:
| 1. Verfasser: | |
|---|---|
| Format: | Text |
| Schlagworte: | |
| Tags: |
Tag hinzufügen
Keine Tags, Fügen Sie den ersten Tag hinzu!
|
MARC
| LEADER | 00000 a a2200000 04500 | ||
|---|---|---|---|
| 001 | 9683 | ||
| 003 | |||
| 040 | |||
| 100 | |a Becerra Gelóver, Alejandro | ||
| 245 | |a Los Temores de Huntington / |c Alejandro Becerra Gelóver | ||
| 650 | |a COMENTARIOS | ||
| 650 | |a ESTADOS UNIDOS | ||
| 650 | |a INMIGRACION | ||
| 650 | |a INTELECTUALES | ||
| 650 | |a IDEOLOGIAS | ||
| 650 | |a CAMBIO CULTURAL | ||
| 650 | |a DISCRIMINACION RACIAL | ||
| 773 | |g volumen 8, número 35; páginas 115-116 | ||
| 999 | |c 36882 |d 36882 | ||
